000 00361 a2200157 4500
001 152062
040 _cEscola São Tomás de Aquino
100 _aFLÁVIO, Paiva
240 1 0 _aA casa do meu melhor amigo
_lpor
245 1 0 _aA casa do meu melhor amigo
300 _a96
362 0 _a2010
440 1 _aCortez
697 _a*LITERATURA JUVENIL
942 _cBK
999 _c152062
_d152062